00441nam a22001457a 450000500170000002000230001703500230004003700130006310000220007624500840009826000440018230000250022670000250025170000190027620180801143303.0 a8120323181c195.00 aB-106284, B-106287 aDPLbENG aMukherjee, Sampat aMicroeconomics /cby Sampat Mukherjee and Mallinath Mukherjee and Amitava Ghose aNew DelhibPrentice-Hall of Indiac2003 axiii, 353p.c22 cms. aMukherjee, Mallinath aGhose, Amitava